Word Ladder: 2003 Rom-Com Quiz Stats

Quiz Updated Mar 30, 2016

Challenge
Share
Tweet
Embed
Score 0/15 Timer 02:00
3 Plays Today
Clue 4-Letter Word % Correct
Beginning of daylightDAWN
98.4%
What you do upon a star?WISH
95.9%
Truth's partner in a kids' gameDARE
93.9%
★ 2003 rom-com: _____ + [rung 9] + [rung 15]; opposite of up ★● DOWN ●
93.5%
Mend a hole in a sockDARN
93%
A route through the woodsPATH
92.8%
Remove the skin of a fruitPARE
90.3%
Spreadable meat spreadPÂTÉ
89.8%
Clue 4-Letter Word % Correct
★ 2003 rom-com: [rung 1] + [rung 9] + _____; strong affection ★● LOVE ●
89.2%
★ 2003 rom-com: [rung 1] + _____ + [rung 15]; common preposition ★● WITH ●
87.7%
Core spongy tissue in plantsPITH
85.3%
Traditional knowledge and beliefsLORE
84.2%
Italian money before the euroLIRE
82.1%
SagaciousWISE
81.5%
To send a telegramWIRE
81.1%

Today's Daily Dose

Missing Word
Law Misconceptions

Word Ladder
Easy Math

On This Day
January 20th

You're not logged in!

Compare scores with friends on all Sporcle quizzes.
Sign Up with Email
OR
Log In

You Might Also Like...

Show Comments

Extras

Top Quizzes Today


Score Distribution

Your Account Isn't Verified!

In order to create a playlist on Sporcle, you need to verify the email address you used during registration. Go to your Sporcle Settings to finish the process.